Lucius Cornelius Kuert : CellulArt 00000001, Sick Mind, Versailles, Save the Trees!, Step by Step /
Bewaard in:
| Hoofdauteur: | |
|---|---|
| Formaat: | |
| Onderwerpen: | |
| Tags: |
Geen labels, Wees de eerste die dit record labelt!
|
MARC
| LEADER | 00000ngm^a2200000^a^4500 | ||
|---|---|---|---|
| 001 | 000302692 | ||
| 005 | 20250521000000.0 | ||
| 009 | 20260310112625.763 | ||
| 037 | |a Acervo ITESO - Biblioteca | ||
| 041 | |a OTR | ||
| 082 | |a 709. 04077 |b KUE V. 1 | ||
| 100 | |a Kuert, Lucius Cornelius |e (realización) | ||
| 245 | 1 | 0 | |a Lucius Cornelius Kuert : |b CellulArt 00000001, Sick Mind, Versailles, Save the Trees!, Step by Step / |c Realización de L.C. Kuert. |
| 264 | |a Mendrisio, Suiza : |b Dust and Scratches [dist.], |c fecha no identificada | ||
| 300 | |a 1 DVD sin dato de región PAL |c (26, 9, 18, 3, 3 min.) | ||
| 336 | |a imagen móvil bidimensional |b tdi |2 rdacontenido | ||
| 337 | |a video |b v |2 rdamedio | ||
| 338 | |a videodisco |b vd |2 rdasoporte | ||
| 649 | |a XX | ||
| 650 | |a Video-Arte - |z Suiza | ||
| 650 | |a Video - Suiza - |y 2000-2009 | ||
| 650 | |a Video - |z Suiza - |y Siglo XXI | ||
| 650 | |a Palacios - |z Versalles, Francia | ||
| 650 | |a Animación | ||
| 650 | |a Diseño Gráfico | ||
| 650 | |a Comunicación Visual | ||
| 650 | |a Arte Suizo - |y Siglo XXI | ||
| 740 | 0 | |a CellulArt 00000001 / |c Realización de L.C. Kuert. | |
| 740 | 0 | |a Sick Mind / |c Realización de L.C. Kuert. | |
| 740 | 0 | |a Versailles / |c Realización de L.C. Kuert. | |
| 740 | 0 | |a Save the Trees! / |c Realización de L.C. Kuert. | |
| 740 | 0 | |a Step by Step / |c Realización de L.C. Kuert. | |
| 910 | |a Fondo General | ||
| 920 | |a Audiovisuales - DVDs | ||
| 905 | |a 308 | ||
| 901 | |a 0500183563 |b IT2 |c DVR |i C124052 |u 20250521 | ||
| 902 | |a https://opac.biblio.iteso.mx/vufind/Record/000302692 | ||